Normal view
MARC view
Entry Topical Term
001 - CONTROL NUMBER
- control field: 18100
003 - CONTROL NUMBER IDENTIFIER
- control field: BD-RjUL
005 - DATE AND TIME OF LATEST TRANSACTION
- control field: 20260412102658.0
008 - FIXED-LENGTH DATA ELEMENTS
- fixed length control field: 260412|| aca||aabn | a|a d
040 ## - CATALOGING SOURCE
- Original cataloging agency: BD-RjUL
- Transcribing agency: BD-RjUL
150 ## - HEADING--TOPICAL TERM
- Topical term or geographic name entry element: Commercial Banks
- Form subdivision: Effectiveness
- Geographic subdivision: Bangladesh
670 ## - SOURCE DATA FOUND
- Source citation: Work cat.: (BD-RjUL)86350: Alam, E-Faisal, Md. 18099, Effectiveness of Employees Training Programs in Private Commercial Banks of Bangladesh /, 2025